| 000 | 00605nam a22002057a 4500 | ||
|---|---|---|---|
| 003 | OSt | ||
| 005 | 20170518100037.0 | ||
| 008 | 160229b xxu||||| |||| 00| 0 eng d | ||
| 020 | _a0071374116 | ||
| 040 |
_ammu _beng _cmmu _dmmu |
||
| 050 |
_aTL553.5 _b.R45 2001 |
||
| 100 | _aSmith, R. Daryl | ||
| 245 |
_aControlled Flight into Terrain _bControlling Pilot Error _cDaryl, R. Smith |
||
| 260 |
_aNew York _bMcGraw-Hill _c2001 |
||
| 300 | _axviii; 352p. | ||
| 440 | _avol.4 | ||
| 500 | _aincludes indexes | ||
| 650 |
_2aviation safety guidelines _aControlled Flight into Terrain |
||
| 942 |
_2lcc _cLOAN LOAN |
||
| 999 |
_c16557 _d16557 |
||